Géographie du monde sur une carte par lettre - E - Statistiques

Statistiques générales
  • Ce quiz a été pris 236 fois
  • Le résultat moyen est 14 sur 20
Réponses sur la Carte
Les réponses sont colorées sur une échelle allant du rouge au vert en fonction du pourcentage des utilisateurs qui les ont devinées à leur premier essai. Vous pouvez retrouver ces pourcentages ci-dessous.
 
Statistiques - réponses
Type de quiz Réponse % Correct
Pays Espagne
99%
Pays Egypte
97%
Pays Équateur
97%
Pays Ethiopie
97%
Villes Edimbourg
89%
Pays Eswatini
88%
Sommet Etna
85%
Régions Ecosse
84%
Étendues d'eau Mer {Égée}
83%
Sommet Everest
80%
Villes Erévan
68%
Fleuves Euphrate
66%
Étendues d'eau Lac {Erié}
61%
Fleuves Elbe
58%
Villes Edmonton
47%
Sommet Elbrouz
46%
Régions Everglades
40%
Villes El Paso
38%
Villes Essaouira
36%
Île Ellesmere
12%
Aucun quiz correspondant
Distribution des résultats
% des personnes avec chaque résultat
Percentile par nombre de réponses
Votre historique - résultats
Vous n’avez pas pris ce quiz